00281 a2200109 4500001000700000020000600007040001100013100002500024240005900049245005400108362000900162165968 a  cMagnum aSalvador, Cesar Coll10aAprendizagem escolar e construcao do conhecimentolpor10aAprendizagem escolar e construcao do conhecimento0 a1899